Top 20 Capital Cities Closest to the Equator - Statistics

General Stats
  • This quiz has been taken 13 times
  • The average score is 15 of 20
Answer Stats
Hint Answer % Correct
-0.25 Quito
100%
-4.27 Brazzaville
92%
-4.32 Kinshasa
92%
-1.28 Nairobi
92%
1.28 Singapore
92%
4.58 Bogota
83%
-3.43 Gitega
83%
0.3 Kampala
83%
-1.93 Kigali
83%
3.13 Kuala Lumpur
83%
0.38 Libreville
83%
3.87 Yaoundé
83%
4.37 Bangui
75%
4.17 Malé
67%
2.03 Mogadishu
67%
3.75 Malabo
58%
0.33 São Tomé
58%
-0.53 Yaren
50%
-4.62 Victoria
42%
1.43 Tarawa
17%
No matching quizzes found
Score Distribution
Percent of People with Each Score
Percentile by Number Answered
Your Score History
You have not taken this quiz